[Event "e2e4 Amersham Open"]
[Site "Amersham ENG"]
[Date "2012.05.19"]
[Round "3"]
[White "Wadsworth,Matthew J"]
[Black "Moss,Guy"]
[Result "1-0"]
[WhiteElo "1990"]
[BlackElo "1888"]

1.c4 c6 2.Nf3 d5 3.d4 Nf6 4.g3 Bf5 5.cxd5 cxd5 6.Qb3 Qb6 7.Qxb6 axb6 8.Nc3 e6
9.Bg2 Nc6 10.O-O Bb4 11.Bd2 O-O 12.a3 Be7 13.Rad1 Na5 14.Nh4 Bc2 15.Rc1 Bg6
16.Nxg6 hxg6 17.Bf4 Nb3 18.Rcd1 Rfc8 19.Rd3 Nh5 20.Nxd5 exd5 21.Rxb3 Nxf4
22.gxf4 Rd8 23.Rxb6 Rd7 24.Rc1 Re8 25.Bh3 Rd6 26.Rxb7 g5 27.Rc8 Rxc8 28.Bxc8 Bf6
29.fxg5 Bxd4 30.e3 Bb6 31.b4 d4 32.exd4 Bxd4 33.Rd7 Rxd7 34.Bxd7 Kf8 35.a4 Ke7
36.Bf5 Kd6 37.a5 Bc3 38.a6 Bd4 39.Bd3 Ke5 40.Be2 Kf4 41.h4 Ba7 42.Bh5 Bb6
43.Kg2 Ba7 44.Bxf7 Kg4 45.Bd5 Kxh4 46.f4 Bb6 47.Kf3 Ba7 48.b5 Bb6 49.Ke4 Kg3
50.f5 Kh4 51.f6  1-0

[Event "6th Wunsiedel Open"]
[Site "Wunsiedel GER"]
[Date "2012.05.19"]
[Round "5"]
[White "Neuman,P"]
[Black "Klundt,K"]
[Result "1-0"]
[WhiteElo "2472"]
[BlackElo "2365"]

1.c4 c6 2.d4 d5 3.e3 Nf6 4.Nf3 e6 5.Bd3 Nbd7 6.O-O Bd6 7.Nbd2 O-O 8.e4 dxe4
9.Nxe4 Nxe4 10.Bxe4 h6 11.Bc2 c5 12.Qd3 Nf6 13.b3 b6 14.Bb2 Bb7 15.d5 Re8
16.Rfe1 Bc7 17.Rad1 g6 18.Rxe6  1-0

[Event "Coupe de France 2012"]
[Site "Bois-Colombes FRA"]
[Date "2012.05.20"]
[Round "2"]
[White "Adla,D"]
[Black "Petrossian,A"]
[Result "1/2-1/2"]
[WhiteElo "2489"]
[BlackElo "2443"]

1.c4 c6 2.e4 e5 3.Nf3 d6 4.d4 Bg4 5.Be2 Be7 6.O-O h6 7.Nc3 Bxf3 8.Bxf3 Bg5
9.Qd3 Bxc1 10.Raxc1 Nd7 11.Bg4 Ndf6 12.Bf5 g6 13.Bh3 h5 14.Rcd1 Qe7 15.c5 Rd8
16.cxd6 Rxd6 17.Qe3 Ng4 18.Bxg4 hxg4 19.g3 g5 20.dxe5 Rdh6 21.Qe2 Qxe5 22.Qxg4 Ne7
23.Rd2 Rxh2 24.Rfd1 Rh1+ 25.Kg2 R8h2+ 26.Kf3 Qf6+ 27.Ke3 Rxd1 28.Nxd1 Kf8
29.Qd7 Qe5 30.Kf3 Qf6+ 31.Ke2 c5 32.Qd6 Qxd6 33.Rxd6 Ke8 34.Ne3 Rh1 35.Rd1  1/2-1/2

[Event "TCh-HUN 2011-12"]
[Site "Budapest HUN"]
[Date "2012.05.20"]
[Round "11"]
[White "Kaposztas,M"]
[Black "Mester,G"]
[Result "0-1"]
[WhiteElo "2187"]
[BlackElo "2425"]

1.c4 c6 2.Nf3 d5 3.d4 Nf6 4.Nc3 g6 5.cxd5 Nxd5 6.Bd2 Bg7 7.e4 Nc7 8.Be3 O-O
9.h3 Nd7 10.Be2 e5 11.O-O Qe7 12.d5 cxd5 13.exd5 Ne8 14.Qb3 e4 15.Nd2 Nd6
16.Qa3 Qe5 17.g3 g5 18.Rfd1 Bf6 19.Nc4 Nxc4 20.Bxc4 Qf5 21.g4 Qg6 22.Be2 Ne5
23.Qa4 Nf3+ 24.Bxf3 exf3 25.Qe4 h5 26.Qxf3 hxg4 27.hxg4 Be5 28.Bd4 Bxd4 29.Rxd4 f5
30.gxf5 Rxf5 31.Qg3 Bd7 32.Re1 Raf8 33.Ne4 Rf4 34.Qc3 Re8 35.Nc5 Rxe1+ 36.Qxe1 Rxd4
37.Nxd7 Rg4+  0-1

[Event "HC Andersen Mindgames"]
[Site "Odense DEN"]
[Date "2012.05.20"]
[Round "8.12"]
[White "Pedersen,NicK"]
[Black "Rostgaard,T"]
[Result "1/2-1/2"]
[WhiteElo "2138"]
[BlackElo "2255"]

1.c4 c6 2.g3 d5 3.Bg2 Nf6 4.Nf3 Bf5 5.O-O e6 6.d3 Be7 7.Nbd2 O-O 8.b3 Nbd7
9.Bb2 a5 10.a3 Re8 11.Re1 Qb6 12.Qc2 h6 13.e4  1/2-1/2

[Event "HC Andersen Mindgames"]
[Site "Odense DEN"]
[Date "2012.05.20"]
[Round "9.7"]
[White "Bromann,T"]
[Black "Hansen,Mads3"]
[Result "1/2-1/2"]
[WhiteElo "2411"]
[BlackElo "2302"]

1.c4 c6 2.g3 d5 3.Bg2 Nf6 4.Nf3 Bg4 5.cxd5 cxd5 6.Ne5 Bf5 7.O-O Nbd7 8.d4 e6
9.Nxd7 Qxd7 10.Bf4 Be7 11.Nd2 O-O  1/2-1/2

[Event "50th ch-IND Challengers 2012"]
[Site "Tirupati IND"]
[Date "2012.05.21"]
[Round "5.4"]
[White "Anurag,M"]
[Black "Ghosh,D"]
[Result "0-1"]
[WhiteElo "2295"]
[BlackElo "2418"]

1.c4 c6 2.g3 d5 3.Bg2 Nf6 4.Qc2 e5 5.d3 h6 6.Nf3 Bd6 7.Nbd2 O-O 8.O-O a5
9.b3 Na6 10.Bb2 Qe7 11.a3 Re8 12.e4 dxe4 13.dxe4 Qc7 14.Rac1 Be6 15.Qb1 Rad8
16.b4 axb4 17.axb4 Bxb4 18.Bxe5 Qe7 19.Bc3 Bxc3 20.Rxc3 Nd7 21.e5 Ndc5 22.Re3 Ne4
23.Nxe4 Nc5 24.Qc2 Rd7 25.h3 Red8  0-1

[Event "71st ch-GEO 2012"]
[Site "Tbilisi GEO"]
[Date "2012.05.24"]
[Round "11"]
[White "Zarkua,D"]
[Black "Gagunashvili,M"]
[Result "1/2-1/2"]
[WhiteElo "2446"]
[BlackElo "2570"]

1.c4 c6 2.Nf3 d5 3.d4 Nf6 4.Qc2 e6 5.Bg5 Nbd7 6.Nbd2 Be7 7.g3 h6 8.Bxf6 Nxf6
9.Bg2 O-O 10.O-O b6 11.Rab1 Bb7 12.b4 a5 13.a3 axb4 14.axb4 dxc4 15.Nxc4 Nd5
16.b5 cxb5 17.Nce5 Rc8 18.Qd3 b4 19.Qd2 Nc3 20.Rb2 Rc7 21.e3 Qd6 22.Ra1 Be4
23.Ne1 Bxg2 24.Kxg2 Rd8 25.N5d3 Qd5+ 26.f3 Rc4 27.Nc2 Qb5 28.Na3 bxa3 29.Rxb5 Nxb5
30.Ne5 Rc7 31.Qd3 Nc3 32.Qa6 Rb8 33.Rc1 a2 34.Rxc3 Rxc3 35.Qxa2 Rc7 36.d5 exd5
37.Qxd5 Bc5 38.e4 Re8 39.Nd3 Bf8 40.Nf4 Bc5 41.Qf5 Bf8 42.Nd5 Rb7 43.Qf4 b5
44.Qc1 b4 45.Qc6 Reb8 46.Qc2 b3 47.Qb2 Rb5 48.Nc3 R5b7 49.Nd5 Rb5 50.Nc3 R5b7
51.Na4 Rb5 52.Nc3 R5b7 53.Nb1 Rb5 54.Nd2 R5b7 55.Nxb3 Rxb3 56.Qd4 Rb2+ 57.Kh3 R2b7
58.Qd5 Rb6 59.Qd4 Rb5 60.e5 Rb4 61.e6  1/2-1/2

[Event "Asian Nations Chess Cup"]
[Site "Zaozhuang CHN"]
[Date "2012.05.24"]
[Round "7.1"]
[White "Wang Yue"]
[Black "Megaranto,S"]
[Result "1-0"]
[WhiteElo "2690"]
[BlackElo "2517"]

1.c4 c6 2.Nf3 d5 3.e3 Nf6 4.d4 Bf5 5.Nc3 e6 6.Nh4 Bg6 7.Nxg6 hxg6 8.Bd2 Nbd7
9.g3 Be7 10.b3 O-O 11.Bg2 a6 12.O-O b5 13.Qe2 bxc4 14.bxc4 Nb6 15.c5 Nc4
16.Na4 Rb8 17.Bc3 Qc7 18.e4 Qb7 19.e5 Ne8 20.Nb2 Na3 21.Nd3 Nc7 22.Rac1 Ncb5
23.Ba1 Qc7 24.h4 Qa5 25.Qd1 Rb7 26.Bh3 Rfb8 27.Nf4 Nc4 28.a4 Nxd4 29.Bxd4 Bxc5
30.Nxe6 fxe6 31.Bxe6+ Kh8 32.Bxc5 Qxc5 33.Qg4 Qe7 34.Qxg6 Qe8 35.Qxe8+ Rxe8
36.Bf5 Nxe5 37.f4 Nc4 38.Rfe1 Rf8 39.Bg6 Rb3 40.Kh2 Nd2 41.Re7 c5 42.Rd7 d4
43.Kh3 Rb6 44.h5 c4 45.Re1 d3 46.Ree7 Rg8 47.f5 Nf3 48.h6 Ng5+ 49.Kh4 c3
50.Kxg5  1-0

[Event "21st Chicago Open"]
[Site "Wheeling USA"]
[Date "2012.05.25"]
[Round "3"]
[White "Shetty,A"]
[Black "Holt,C"]
[Result "1-0"]
[WhiteElo "2219"]
[BlackElo "2515"]

1.c4 c6 2.Nf3 d5 3.g3 Bg4 4.Bg2 Nd7 5.cxd5 cxd5 6.Qa4 Nf6 7.Nc3 e6 8.Ne5 Bh5
9.g4 Bg6 10.h4 Bd6 11.d4 h5 12.Nxg6 fxg6 13.g5 Ng8 14.e4 Ne7 15.Bh3 Kf7 16.exd5 Nf8
17.dxe6+ Nxe6 18.Qb3 Qc8 19.d5 Nd4 20.Bxc8 Raxc8 21.Qd1 Nef5 22.Be3 Rhe8
23.O-O Rc4 24.Bxd4 Rxd4 25.Nb5 Rxd1 26.Nxd6+ Nxd6 27.Raxd1 Rd8 28.Rfe1 Rd7
29.Rd3 Nf5 30.Re4 Nd6 31.Re5 Nf5 32.Rf3 Rd6 33.Kf1 Kg8 34.Ke1 Kf7 35.Kd2 Ra6
36.a3 Rb6 37.b4 a5 38.Kc3 axb4+ 39.axb4 Ra6 40.Kc4 Ra1 41.Kc5 Rh1 42.d6 Rd1
43.Rd5 Rc1+ 44.Kb6 Ke8 45.Rc5 Rd1 46.Kc7 b5 47.Re5+ Kf7 48.Rfxf5+ gxf5 49.d7  1-0

[Event "21st Chicago Open"]
[Site "Wheeling USA"]
[Date "2012.05.25"]
[Round "3"]
[White "Amanov,Z"]
[Black "Wu,Christopher"]
[Result "1-0"]
[WhiteElo "2401"]
[BlackElo "2204"]

1.c4 c6 2.e4 d5 3.exd5 cxd5 4.cxd5 Qxd5 5.Nc3 Qa5 6.d4 Nf6 7.Bc4 e6 8.Nf3 a6
9.O-O Bd6 10.Bg5 Nbd7 11.Qe2 O-O 12.Ne4 Be7 13.Bd3 Re8 14.a3 Nxe4 15.Bxe7 Rxe7
16.Qxe4 Nf6 17.Qh4 Qh5 18.Qxh5 Nxh5 19.Rfc1 Nf4 20.Bf1 b5 21.g3 Bb7 22.Ne5 Nd5
23.a4 b4 24.a5 Rc8 25.Rxc8+ Bxc8 26.Rc1 Rc7 27.Rxc7 Nxc7 28.Nc6 Kf8 29.Nxb4 Ke7
30.f4 Kd6 31.Kf2 f6 32.Bc4 Bb7 33.Ke3 Nd5+ 34.Nxd5 exd5 35.Bd3 g6 36.g4 Bc8
37.Kf3 Kc6 38.h3 Kd6 39.b3 Kc7 40.Ke3 Kb7 41.Kd2 Kc7 42.Kc3 Kc6 43.b4 Kc7
44.b5 g5 45.fxg5 fxg5 46.Bxh7 axb5 47.Kb4 Kc6 48.Bd3 Ba6 49.Be2 Kd6 50.Bxb5 Bb7
51.a6 Bc8 52.a7 Bb7 53.Ba6 Bc6 54.Bc8 Kc7 55.Kc5 Ba8 56.Be6  1-0

[Event "29th BSG Pinkster Open"]
[Site "Bussum NED"]
[Date "2012.05.26"]
[Round "2.8"]
[White "Klomp,R"]
[Black "Beerdsen,Thomas"]
[Result "0-1"]
[WhiteElo "2121"]
[BlackElo "2066"]

1.c4 c6 2.g3 d5 3.cxd5 cxd5 4.Bg2 Nf6 5.d4 Nc6 6.Nc3 Bf5 7.Nf3 e6 8.O-O Bd6
9.Qb3 a6 10.Bf4 Bxf4 11.gxf4 Qc7 12.e3 O-O 13.Rac1 Rac8 14.Na4 Ne4 15.Nc5 Nxc5
16.Rxc5 Qe7 17.Qc3 Rc7 18.Rc1 Rfc8 19.Ne5 f6 20.Nxc6 Rxc6 21.b4 Qd7 22.f3 Bg6
23.Bf1 Be8 24.Bd3 R8c7 25.Qb2 Qd6 26.a3 Bh5 27.Kf2 g5 28.Rxc6 bxc6 29.Bxa6 gxf4
30.Rg1+ Rg7 31.Rxg7+ Kxg7 32.Qe2 fxe3+ 33.Kxe3 e5 34.Bc8 Bg6 35.Qd2 Qc7 36.Bh3 Qa7
37.Qc3 exd4+ 38.Qxd4 Qxa3+ 39.Kf2 Qd3 40.Qa7+ Kh6 41.Qb8 Qd2+ 42.Kg1 Qe1+
43.Kg2 Qe2+ 44.Kg1 Qxf3 45.Qg3 Qd1+ 46.Kf2 Qd2+ 47.Kg1 Qxb4 48.Qe3+ Kg7 49.Qa7+ Bf7
50.Qc7 Qe1+ 51.Kg2 Qe2+ 52.Kg1 Qe3+ 53.Kg2 Qe4+ 54.Kg1 d4 55.Bg2 Qe3+ 56.Kf1 d3
57.Bxc6 d2 58.Ba4 Qf3+ 59.Kg1 d1=Q+ 60.Bxd1 Qxd1+ 61.Kf2 Qd2+ 62.Kg1 Qe1+
63.Kg2 Qe4+ 64.Kf2 Qf5+ 65.Kg1 Qg6+ 66.Kf2 Kh6 67.Qd8 Qf5+ 68.Ke3 Qe5+ 69.Kd3 Qd5+
70.Qxd5 Bxd5  0-1

[Event "29th BSG Pinkster Open"]
[Site "Bussum NED"]
[Date "2012.05.26"]
[Round "3.7"]
[White "Overeem,M"]
[Black "Vermeulen,Ba"]
[Result "1-0"]
[WhiteElo "2156"]
[BlackElo "1875"]

1.c4 c6 2.e4 d5 3.exd5 cxd5 4.d4 Nf6 5.Nc3 Nc6 6.Bg5 dxc4 7.Bxc4 h6 8.Be3 e6
9.Nf3 Be7 10.O-O O-O 11.a3 a6 12.Ba2 b5 13.d5 exd5 14.Nxd5 Nxd5 15.Bxd5 Bb7
16.Ne5 Na5 17.Bxb7 Nxb7 18.Nd7 Bf6 19.Bb6 Qe7 20.Re1 Qd6 21.Qxd6 Nxd6 22.Nxf8 Rxf8
23.Bc5 Rd8 24.Rad1 Nb7 25.Rxd8+ Nxd8 26.Re8+ Kh7 27.Be7 Bxe7 28.Rxe7 Kg6
29.Ra7 Ne6 30.Rxa6  1-0

[Event "21st Chicago Open"]
[Site "Wheeling USA"]
[Date "2012.05.26"]
[Round "4"]
[White "Sargissian,G"]
[Black "Ludwig,Dan"]
[Result "1-0"]
[WhiteElo "2679"]
[BlackElo "2456"]

1.c4 c6 2.d4 d5 3.Nc3 Nf6 4.e3 g6 5.Nf3 Bg7 6.Be2 O-O 7.O-O a6 8.a4 Bg4 9.Qb3 Ra7
10.h3 Bxf3 11.Bxf3 e6 12.a5 Nbd7 13.Rd1 Qe7 14.e4 dxe4 15.Bxe4 Nxe4 16.Nxe4 Qh4
17.Ng5 h6 18.Nf3 Qd8 19.Be3 Ra8 20.Qxb7 Qc8 21.Qxc8 Rfxc8 22.b4 Rab8 23.Rab1 Rb7
24.d5 exd5 25.b5 cxb5 26.cxb5 Rxb5 27.Rxb5 axb5 28.Rxd5 Nf6 29.Rxb5 Ra8 30.Ne5 Ra6
31.Nc4 Nd7 32.Rd5 Nf6 33.Rd6 Rxd6 34.Nxd6 Nd5 35.a6 Nc7 36.a7 Bf8 37.Nc4  1-0

[Event "29th BSG Pinkster Open"]
[Site "Bussum NED"]
[Date "2012.05.27"]
[Round "4.2"]
[White "Ootes,La"]
[Black "Beerdsen,Thomas"]
[Result "1-0"]
[WhiteElo "2335"]
[BlackElo "2066"]

1.c4 c6 2.e4 d5 3.exd5 cxd5 4.d4 Nf6 5.Nc3 Nc6 6.Bg5 dxc4 7.Bxc4 Qxd4 8.Qxd4 Nxd4
9.O-O-O Ne6 10.Bxf6 exf6 11.Bb5+ Ke7 12.Nd5+ Kd6 13.b4 Nc7 14.Nb6+ Ke7 15.Nxa8 Nxb5
16.Ne2 g6 17.a4 Bh6+ 18.Kb2 Bd7 19.Rhe1 Rxa8 20.axb5 Be6 21.Nd4 f5 22.Nxe6 fxe6
23.Kb3 Bg7 24.Rd3 Rc8 25.f4 a6 26.Red1 axb5 27.Rd7+ Kf8 28.Rd8+ Rxd8 29.Rxd8+ Ke7
30.Rb8 Bd4 31.Rxb7+ Kf6 32.Rxh7 Be3 33.g3 Bg1 34.Kc2 e5 35.fxe5+ Kxe5 36.Kd3 g5
37.Re7+ Kf6 38.Re2 g4 39.Rg2 Bb6 40.Rc2 Bg1 41.Re2 Kg5 42.Rg2 Bb6 43.Rc2 Bg1
44.Ke2 Bxh2 45.Kf2 f4 46.Rc5+ Kf6 47.gxf4 Bxf4 48.Rxb5 Bd6 49.Rb7 Ke6 50.Ke3 Kd5
51.b5 g3 52.Rg7 Kc5 53.Rg5+ Kb6 54.Kd3 Bf4 55.Rg4 Bd6 56.Kc4 Be5 57.Rg6+ Kb7
58.Kc5 Kc7 59.Rg5 Bf4 60.Rg7+ Kb8 61.Kc6 Ka8 62.b6 Bb8 63.Rg4 Be5 64.b7+ Ka7
65.Ra4+ Kb8 66.Ra8+  1-0

[Event "Vlado Andriusaicio Rapid A 2012"]
[Site "Vilnius LTU"]
[Date "2012.05.27"]
[Round "8"]
[White "Sutkevicius,J"]
[Black "Stankevicius,Vytautas"]
[Result "1-0"]
[WhiteElo "2093"]
[BlackElo "1782"]

1.c4 c6 2.d4 d5 3.e3 g6 4.Nc3 Bg7 5.f4 Nf6 6.Nf3 O-O 7.Qb3 Qb6 8.Qxb6 axb6
9.cxd5 Nxd5 10.Nxd5 cxd5 11.Bd2 Bf5 12.Bb5 Rc8 13.Bc3 Nc6 14.Kf2 Rc7 15.h3 Rac8
16.Rhg1 Na5 17.g4 Be4 18.Nd2 f5 19.Ke2 e6 20.h4 Kf7 21.Rg3 Bf6 22.g5 Bg7
23.Rag1 Nc4 24.Bxc4 dxc4 25.Nxe4 fxe4 26.h5 b5 27.a3 b6 28.Rh3 Rh8 29.Rgh1 Rcc8
30.Rd1 Rhd8 31.Rdh1 Rh8 32.Kd2 Ke7 33.Bb4+ Kd7 34.Kc3 Kc6 35.Be7 Kd5 36.Kb4 Kc6
37.hxg6 hxg6 38.Rxh8 Bxh8 39.Rh7 Rg8 40.Bf6 Bxf6 41.gxf6 Rf8 42.f7 Ra8 43.Rg7 Ra4+
44.Kc3 Ra8 45.Rg8  1-0

[Event "Albena Masters Open 2012"]
[Site "Albena BUL"]
[Date "2012.05.28"]
[Round "3.27"]
[White "Mgeladze,T"]
[Black "Schiendorfer,E"]
[Result "0-1"]
[WhiteElo "2195"]
[BlackElo "2359"]

1.c4 c6 2.Nf3 d5 3.g3 Nf6 4.b3 Bg4 5.Bg2 Nbd7 6.Bb2 e6 7.d3 Bd6 8.Nbd2 O-O
9.O-O Qe7 10.a3 e5 11.h3 Bh5 12.Nh4 Qe6 13.Ndf3 h6 14.Nh2 Rad8 15.g4 Bg6
16.Nxg6 fxg6 17.cxd5 cxd5 18.e3 e4 19.Qe2 Ne5 20.dxe4 dxe4 21.Bd4 Bb8 22.Rfd1 Nc6
23.Qc4 Nxd4 24.Rxd4 Qxc4 25.bxc4 Be5 26.Rxd8 Rxd8 27.Rb1 b6 28.Nf1 Kf7 29.a4 Ke6
30.Rc1 Bd6 31.Rc2 Bb4 32.Rc1 Ke5 33.Ng3 Bc5 34.Ra1 a5 35.Kf1 Rd2  0-1

[Event "21st Chicago Open"]
[Site "Wheeling USA"]
[Date "2012.05.28"]
[Round "9"]
[White "Mikhalevski,V"]
[Black "Ramirez,Alej"]
[Result "0-1"]
[WhiteElo "2519"]
[BlackElo "2593"]

1.c4 c6 2.Nf3 d5 3.g3 Bg4 4.Ne5 Bf5 5.cxd5 Qxd5 6.Qb3 Qxb3 7.axb3 Na6 8.Bg2 Nc5
9.O-O Nxb3 10.Ra3 Nd4 11.Nc3 f6 12.Nc4 e5 13.Ra2 a6 14.d3 O-O-O 15.f4 Bc5
16.Kh1 Be6 17.fxe5 b5 18.Ne4 Be7 19.e3 Nc2 20.Ncd6+ Bxd6 21.Rxa6 Kb7 22.Ng5 Bd7
23.Nf7 Kxa6 24.exd6 Nh6 25.Nxh8 Rxh8 26.Bd2 Nf5 27.e4 Nfd4 28.e5 fxe5 29.Rf7 Rd8
30.Bg5 Be6 31.Rxg7 Rxd6 32.Rxh7 Ne1 33.Be4 Bd5 34.Be7 Rd7 35.Bxd5 Rxd5 36.g4 Nxd3
37.h4 Nf2+ 38.Kg2 Nxg4 39.Kh3 Nf2+ 40.Kg3 Ne4+ 41.Kg4 Rd7 42.Rf7 Nd6 43.Rf6 Rxe7
44.Rxd6 Rg7+ 45.Kh3 Rh7 46.Rf6 e4  0-1

[Event "Albena Masters Open 2012"]
[Site "Albena BUL"]
[Date "2012.05.29"]
[Round "4.35"]
[White "Mitscherling,A"]
[Black "Stamnov,A"]
[Result "0-1"]
[WhiteElo "2286"]
[BlackElo "2191"]

1.c4 c6 2.d4 d5 3.cxd5 cxd5 4.Nc3 Nf6 5.Nf3 Nc6 6.Bf4 Bf5 7.e3 e6 8.Qb3 Bb4
9.Bb5 O-O 10.O-O Bxc3 11.bxc3 Na5 12.Qb4 Ne4 13.Bd3 Rc8 14.Bxe4 Bxe4 15.Nd2 Bd3
16.Rfd1 b6 17.Rac1 Qd7 18.Nb3 Nc6 19.Qd6 Qxd6 20.Bxd6 Rfd8 21.Rxd3 Rxd6 22.f3 Rd7
23.Kf2 Rdc7 24.a3 Nd8 25.e4 Nb7 26.e5 Kf8 27.Ke2 Ke7 28.Kd2 Rc4 29.Kc2 R4c6
30.f4 b5 31.Rb1 Rb6 32.Nd2 Na5 33.Rf3 Rcb8 34.Rff1 Rc8 35.Rb2 a6 36.g3 Rbc6
37.Rf3 R8c7 38.h3 Rc8 39.g4 R6c7 40.f5 exf5 41.gxf5 Rc6 42.a4 Rb6 43.axb5 axb5
44.Ra2 Nc6 45.Kd3 b4 46.Rb2 Ra8 47.cxb4 Ra3+ 48.Rb3 Rxb3+ 49.Nxb3 Rxb4 50.Nd2 Rxd4+
51.Ke3 Ra4 52.f6+ gxf6 53.Rxf6 Nxe5 54.Rh6 f5 55.Rxh7+ Kf6 56.Rh6+ Kg5 57.Rd6 Ra3+
58.Ke2 Rd3 59.Re6 Kf4 60.h4 Rh3 61.Kd1 d4 62.Nf1 Rh1 63.Ke2 Rxh4 64.Rd6 Kg5
65.Rd5 Re4+ 66.Kf2 Ng4+ 67.Kf3 Rf4+  0-1

[Event "TCh-FRA Top 12 2012"]
[Site "Belfort FRA"]
[Date "2012.05.31"]
[Round "1.1"]
[White "Bacrot,E"]
[Black "Ragger,M"]
[Result "1/2-1/2"]
[WhiteElo "2695"]
[BlackElo "2670"]

1.c4 c6 2.Nf3 d5 3.e3 Nf6 4.Nc3 e6 5.b3 Bd6 6.Bb2 O-O 7.Be2 Re8 8.d4 Nbd7
9.O-O b6 10.cxd5 exd5 11.Qc2 Bb7 12.Rfe1 Rc8 13.Rad1 Qe7 14.Qb1 a6 15.Bf1 Ne4
16.Nxe4 dxe4 17.Nd2 b5 18.g3 c5 19.a4 cxd4 20.Bxd4 Bc6 21.axb5 axb5 22.Rc1 Bb4
23.Rc2 Ne5 24.Bxe5 Qxe5 25.Bh3 Rcd8  1/2-1/2

[Event "Albena Masters Open 2012"]
[Site "Albena BUL"]
[Date "2012.06.01"]
[Round "7.9"]
[White "Grigoryan,K2"]
[Black "Ovod,E"]
[Result "1-0"]
[WhiteElo "2517"]
[BlackElo "2410"]

1.c4 c6 2.Nf3 d5 3.e3 Nf6 4.Nc3 e6 5.Qc2 Nbd7 6.b3 b6 7.Bb2 Bb7 8.d4 Be7
9.Bd3 Qc7 10.O-O Rd8 11.Qe2 O-O 12.Rad1 h6 13.e4 dxe4 14.Nxe4 c5 15.dxc5 Nxe4
16.Bxe4 Bxe4 17.Qxe4 bxc5 18.Ne5 Nxe5 19.Bxe5 Bd6 20.Rxd6 Rxd6 21.Qg4 f5
22.Bxd6 Qxd6 23.Rd1 Qc7 24.Qg6 Qc6 25.Qg3 f4 26.Qg4 a5 27.Re1 Rf6 28.Qd1 f3
29.Qd8+ Kh7 30.Qxa5 Rg6 31.g3 e5 32.Rxe5 Rd6 33.Qe1 Rd4 34.h3 Qg6 35.Qe3 Qb1+
36.Kh2 Qd1 37.Rxc5 Rd2 38.Qe4+ Kg8 39.Qe6+ Kh8 40.Qe8+ Kh7 41.Qe4+ Kg8 42.Rc8+ Kf7
43.Qe8+ Kf6 44.Rc6+ Rd6 45.Qd8+ Kf7 46.Qxd6 Qf1 47.Qf4+  1-0

[Event "Albena Masters Open 2012"]
[Site "Albena BUL"]
[Date "2012.06.01"]
[Round "7.3"]
[White "Petrosian,TL"]
[Black "Carlsson,P"]
[Result "1-0"]
[WhiteElo "2657"]
[BlackElo "2531"]

1.c4 c6 2.Nf3 d5 3.d4 Nf6 4.Nc3 dxc4 5.a4 Bf5 6.Nh4 Bg4 7.h3 Bh5 8.g4 Bg6
9.Nxg6 hxg6 10.e4 e6 11.g5 Nh5 12.Bxc4 Bb4 13.Be3 Nd7 14.Qb3 a5 15.Kf1 Rb8
16.Rg1 Qe7 17.f4 Bd6 18.e5 Bc7 19.Ne4 Nb6 20.Nd6+ Bxd6 21.Qxb6 Bb4 22.Kf2 Rd8
23.Rad1 Rd7 24.Rd3 O-O 25.Kf3 Kh7 26.Rb3 Rfd8 27.h4 Ra8 28.Rc1 Rad8 29.Rxb4 Qxb4
30.Qxb4 axb4 31.Be2 Rxd4 32.Bxd4 Rxd4 33.Rc4 Rxc4 34.Bxc4 Kg8 35.Ke3 Ng3
36.Kd4 b6 37.Ba6 Nf5+ 38.Kc4 Nxh4 39.Bb7 Ng2 40.Bxc6 Nxf4 41.Kxb4 Nd3+ 42.Kb5 Nxb2
43.Kxb6 f6 44.Bb5 Nxa4+ 45.Bxa4 Kf7 46.Kc5  1-0

[Event "Albena Masters Open 2012"]
[Site "Albena BUL"]
[Date "2012.06.01"]
[Round "7.17"]
[White "Baryshpolets,A"]
[Black "Papp,Petra"]
[Result "1/2-1/2"]
[WhiteElo "2487"]
[BlackElo "2292"]

1.c4 c6 2.e4 d5 3.exd5 cxd5 4.cxd5 Nf6 5.Qa4+ Nbd7 6.Nc3 g6 7.Nf3 Bg7 8.Bc4 O-O
9.d3 a6 10.Qa3 b6 11.O-O Bb7 12.Re1 Re8 13.Ng5 b5 14.Bb3 Bf8 15.Qb4 h6 16.Nge4 e6
17.Nxf6+ Nxf6 18.d6 Qxd6 19.Qxd6 Bxd6 20.Bxh6 Bxh2+ 21.Kxh2 Ng4+ 22.Kg1 Nxh6
23.Ne4 Kg7 24.Nc5 Re7 25.d4 Rc8 26.Rad1 Nf5 27.Nxb7 Rxb7 28.d5 exd5 29.Rxd5 Rbc7
30.Kf1 Rh8 31.Kg1 Rhc8 32.g3 Rc6 33.Kg2 R8c7 34.Rd8 Rd6 35.Rd1 Rdc6 36.R1d7 Rxd7
37.Rxd7 Rf6 38.Bd5 Nd6 39.b3 b4 40.Rc7 Nb5 41.Rc2 Rd6 42.Bb7 Nc3 43.Bf3 Kf6
44.a4 a5 45.Bb7 Rd1 46.Ba6 Ke5 47.Bc4 f6 48.Kf3 g5 49.Ke3 g4 50.f4+ gxf3
51.Kxf3 f5 52.Rh2 Ne4 53.Rh8 Rd2 54.Ke3 Rg2 55.Re8+ Kf6 56.Kf4 Rf2+ 57.Ke3 Rg2
58.Ra8 Rxg3+ 59.Kf4 Rg4+ 60.Ke3 Rg3+ 61.Kf4 Rg4+ 62.Ke3  1/2-1/2

[Event "Albena Masters Open 2012"]
[Site "Albena BUL"]
[Date "2012.06.01"]
[Round "7.23"]
[White "Baghdasaryan,V"]
[Black "Aginian,N"]
[Result "0-1"]
[WhiteElo "2409"]
[BlackElo "2254"]

1.c4 c6 2.e4 d5 3.exd5 cxd5 4.d4 Nf6 5.Nc3 e6 6.Nf3 Be7 7.Bf4 O-O 8.c5 Nc6
9.Bd3 b6 10.Bb5 Bd7 11.Bxc6 Bxc6 12.Ne5 Qe8 13.b4 Ne4 14.Qd3 Nxc3 15.Qxc3 Bb5
16.Kd2 f6 17.Nf3 bxc5 18.bxc5 e5 19.Be3 e4 20.Ne1 Bc4 21.Nc2 Bd8 22.a3 Bc7
23.g3 Rb8 24.Rab1 Qh5 25.Kc1 Rxb1+ 26.Kxb1 Rb8+ 27.Ka1 Rb3 28.Qd2 Qe8 29.Bf4 Bxf4
30.Qxf4 Qa4 31.Qd6 Rxa3+ 32.Kb1 Rc3 33.Qe6+ Kf8 34.Qc8+ Kf7  0-1

[Event "Women's World Rapid Championship 2012"]
[Site "Batumi GEO"]
[Date "2012.06.01"]
[Round "4.25"]
[White "Janjghava,N"]
[Black "Mikadze,M"]
[Result "1-0"]
[WhiteElo "2306"]
[BlackElo "2323"]

1.c4 c6 2.Nf3 d5 3.d4 Nf6 4.g3 Bf5 5.cxd5 cxd5 6.Bg2 e6 7.O-O Nc6 8.Nc3 Bd6
9.Nh4 Bg4 10.h3 Bh5 11.f4 g5 12.fxg5 Bxg3 13.Nf5 exf5 14.gxf6 Qxf6 15.Nxd5 Qh4
16.Bf4 O-O-O 17.Qd3 Rhg8 18.Qxf5+ Rd7 19.Nf6 Bg4 20.Nxg4 Nxd4 21.Bxb7+ Kd8
22.Qa5+ Ke8 23.Qe5+ Kd8 24.Bxg3 Qxh3 25.Bf3 h5 26.Rad1 hxg4 27.Rxd4 gxf3
28.Rxd7+ Qxd7  1-0

[Event "1st Euro 2012 Open"]
[Site "Lviv UKR"]
[Date "2012.06.01"]
[Round "8"]
[White "Golubka,P"]
[Black "Ustiyanovich,N"]
[Result "1/2-1/2"]
[WhiteElo "2402"]
[BlackElo "2163"]

1.c4 c6 2.Nf3 d5 3.e3 Nf6 4.Nc3 g6 5.h3 Bg7 6.d4 O-O 7.Bd3 dxc4 8.Bxc4 Nfd7
9.e4 c5 10.d5 Nb6 11.Bb3 c4 12.Bc2 e6 13.O-O exd5 14.exd5 Na6 15.Bg5 Bf6
16.Bxf6 Qxf6 17.Qd2 Bd7 18.a4 Rad8 19.a5 Nc8 20.Ne4 Qg7 21.Nd4 Nc7 22.Qc3 Nxd5
23.Qxc4 Nf4 24.Rad1 Bxh3 25.gxh3 Rxd4 26.Rxd4 Qxd4 27.Qxd4 Ne2+ 28.Kg2 Nxd4
29.Bd3 Rd8 30.a6 bxa6 31.Bxa6 Nd6 32.Nxd6 Rxd6 33.Bc4 Nf5 34.b3 Rd2 35.Re1 Kg7
36.Re5 Kf6 37.Ra5 Ne3+ 38.Kf3 Nxc4 39.bxc4 Rc2 40.Rxa7 Rxc4 41.Kg2 Re4 42.Ra6+ Re6
43.Ra7 Re7 44.Ra6+ Kg5 45.Ra5+ Kh6 46.Rb5 f6 47.Rb6 Kg7 48.Ra6 g5 49.Ra4 Kg6
50.h4 h6 51.hxg5 hxg5 52.Ra6 Kf5 53.Kf3 Re5 54.Kg3 Rb5 55.Ra3 Rb4 56.Ra5+ Kg6
57.Ra6 Rf4 58.Rb6 Kh5 59.Rb8 Ra4 60.Rb5 Ra3+ 61.f3 Ra4 62.Rc5 Kg6 63.Rc6 Rf4
64.Ra6 Rd4 65.Rb6 Rd8 66.Ra6 Re8 67.Rb6 Kf5 68.f4 Re3+ 69.Kf2 gxf4 70.Rb4 Ke6
71.Rxf4 Re5 72.Ra4 Kf5 73.Ra6 Rb5 74.Kf3 Rb3+ 75.Kf2 Kg5 76.Ra5+ f5 77.Ra4 Rb2+
78.Kf3 Rb3+ 79.Kf2 Rd3 80.Rc4 Rd5  1/2-1/2

[Event "TCh-FRA Top 12 2012"]
[Site "Belfort FRA"]
[Date "2012.06.02"]
[Round "3.3"]
[White "Apicella,M"]
[Black "Buhmann,R"]
[Result "1/2-1/2"]
[WhiteElo "2548"]
[BlackElo "2567"]

1.c4 c6 2.Nf3 d5 3.b3 Nf6 4.Bb2 Bg4 5.g3 Bxf3 6.exf3 e6 7.d4 Qa5+ 8.Qd2 Bb4
9.Nc3 dxc4 10.bxc4 O-O 11.a3 Be7 12.Rd1 Qh5 13.Be2 Qh3 14.Bf1 Qh5 15.Bg2 Nbd7
16.O-O Nb6 17.Qe2 Rad8 18.Rfe1 Rd7 19.c5 Nbd5 20.Ne4 Nxe4 21.fxe4 Qxe2 22.Rxe2 Nc7
23.Rc1 g6 24.a4 f5 25.e5 Nd5 26.Ba1 Bd8 27.Rb2 Ba5 28.Rb3 Rff7 29.Rcb1 Kf8
30.Bxd5 cxd5 31.Bb2 Kg7 32.Ba3 g5 33.Bb4 Bd8 34.Bd2 Kg6 35.a5 h5 36.a6 b6
37.cxb6 Bxb6 38.Rxb6 axb6 39.Rxb6 f4 40.Bb4 Kf5 41.Bd2  1/2-1/2

[Event "TCh-FRA Top 12 2012"]
[Site "Belfort FRA"]
[Date "2012.06.02"]
[Round "3.2"]
[White "Kosten,A"]
[Black "Fargere,Fr"]
[Result "1/2-1/2"]
[WhiteElo "2493"]
[BlackElo "2467"]

1.c4 c6 2.e4 d5 3.exd5 cxd5 4.cxd5 Nf6 5.Nf3 Nxd5 6.d4 e6 7.Bd3 Nc6 8.Nc3 Bb4
9.O-O O-O 10.Bc2 Be7 11.Qd3 g6 12.a3 Bf6 13.Bh6 Bg7 14.Bxg7 Kxg7 15.Rad1 b6
16.Rfe1 Bb7 17.Nxd5 Qxd5 18.Bb3 Qd8 19.d5 exd5 20.Qc3+ Qf6 21.Qxf6+ Kxf6
22.Bxd5 Rad8 23.h4 h6 24.b4 Na5 25.Bxb7 Nxb7 26.Rc1 Rc8 27.Nd4 a6 28.Nc6 Rfe8
29.Rxe8  1/2-1/2

[Event "Victory Day 2012"]
[Site "Moscow RUS"]
[Date "2012.06.02"]
[Round "2.3"]
[White "Khruschiov,A"]
[Black "Stukopin,A"]
[Result "1-0"]
[WhiteElo "2421"]
[BlackElo "2502"]

1.c4 c6 2.e4 e5 3.Nf3 d6 4.d4 Bg4 5.Be2 Nd7 6.Nc3 g6 7.d5 c5 8.h4 Bxf3 9.Bxf3 h5
10.b3 Bh6 11.Bb2 Ne7 12.g3 a6 13.Bg2 f5 14.Bh3 Rf8 15.Qe2 Nf6 16.f3 Qa5 17.a3 f4
18.g4 hxg4 19.fxg4 f3 20.Qd3 Bf4 21.g5 Nh5 22.O-O Bg3 23.Rxf3 Nf4 24.Rxf4 Bxf4
25.Ne2 Qd2 26.Nxf4 Qxf4 27.Rf1 Qxh4 28.Bc1 Rxf1+ 29.Qxf1 Ng8 30.Be6 Qh7 31.b4 b6
32.Be3 Rb8 33.Qd1 Kf8 34.Qa4 Qh4 35.Qd7 Qg3+ 36.Kf1 Qf3+ 37.Bf2 Qh1+ 38.Ke2 Qxe4+
39.Kd2 Ne7 40.Qxd6 Re8 41.Bd7  1-0